书目信息 |
| 题名: |
河南供销合作事业发展报告 : 2008-2009
|
|
| 作者: | 焦锦淼 主编 | |
| 分册: | ||
| 出版信息: | 北京 社会科学文献出版社 2009.04 |
|
| 页数: | 294页 | |
| 开本: | 22cm | |
| 丛书名: | ||
| 单 册: | ||
| 中图分类: | F721.2 | |
| 科图分类: | ||
| 主题词: | 商业经济--中国 | |
| 电子资源: | ||
| ISBN: | 7-5097-1025-1 | |
| 000 | 00641nam0 2200193 450 | |
| 001 | 1431738314 | |
| 005 | 20141231085040.79 | |
| 010 | @a7-5097-1025-1@dCNY69.00 | |
| 100 | @a20141231d2009 km y0chiy0120 ea | |
| 101 | 0 | @achi |
| 102 | @aCN@b110000 | |
| 200 | 1 | @a河南供销合作事业发展报告 : 2008-2009@Ahe nan gong xiao he zuo shi ye fa zhan bao gao:2008-2009@f焦锦淼主编@Fjiao jin miao zhu bian |
| 210 | @a北京@c社会科学文献出版社@d2009.04 | |
| 215 | @a294页@d22cm | |
| 606 | 0 | @a商业经济@x中国 |
| 690 | @aF721.2@v4 | |
| 701 | 0 | @a焦锦淼@Ajiao jin miao@4主编 |
| 801 | 0 | @aCN@b大连网信软件有限公司图书馆·11@c20141231 |
| 905 | @aZUCC@dF721.2@eJ665 | |
| 河南供销合作事业发展报告 : 2008-2009/焦锦淼主编.-北京:社会科学文献出版社,2009.04 |
| 294页;22cm |
| ISBN 7-5097-1025-1:CNY69.00 |
| ● |
| 相关链接 |
|
|
|
正题名:河南供销合作事业发展报告 : 2008-2009
索取号:F721.2/J665
 
预约/预借
| 序号 | 登录号 | 条形码 | 馆藏地/架位号 | 状态 | 备注 |
| 1 | 495399 | 204953997 | 社科库409/409社科库 47排1列4层/ [索取号:F721.2/J665] | 在馆 |